General zoology : Laboratory guide
שמור ב:
| מחבר ראשי: | |
|---|---|
| פורמט: | ספר |
| שפה: | Undetermined |
| יצא לאור: |
Iowa
W. M. C. Brown
1970
|
| נושאים: | |
| תגים: |
הוספת תג
אין תגיות, היה/י הראשונ/ה לתייג את הרשומה!
|
| Thư viện lưu trữ: | Trung tâm Học liệu Trường Đại học Cần Thơ |
|---|
| LEADER | 00523nam a2200205Ia 4500 | ||
|---|---|---|---|
| 001 | CTU_8974 | ||
| 008 | 210402s9999 xx 000 0 und d | ||
| 082 | |a 591.076 | ||
| 082 | |b W838 | ||
| 100 | |a Wodsedalek, J. E. | ||
| 245 | 0 | |a General zoology : | |
| 245 | 0 | |b Laboratory guide | |
| 245 | 0 | |c J. E. Wodsedalek | |
| 260 | |a Iowa | ||
| 260 | |b W. M. C. Brown | ||
| 260 | |c 1970 | ||
| 650 | |a Zoology | ||
| 650 | |x Laboratory manuals | ||
| 904 | |i Minh, 960923 | ||
| 980 | |a Trung tâm Học liệu Trường Đại học Cần Thơ | ||